00267nam a22001097a 4500020001800000082001600018100002800034245004400062260002300106300000700129650002100136 a9788184656077 a261.836 PUN aPunnackad, Mathew Koshy aSilent Rhythm: Green Tales for Children aDelhibISPCKc2017 a98 aEcology-Theology